000 00525nam a2200181Ia 4500
008 240925s9999 xx 000 0 und d
020 _a9789339223175
082 _a658.3 LUS
100 _alussier, N. Robert.
245 0 _aHuman Relations in Organizations: applications and skill building
250 _a1st
260 _aNew Delhi:
_bMcGraw Hill Education (India) Private Limited
_c,2010.
300 _a250p.
_bNA
_fOriginal
500 _aIncludes Index
600 _aManagement
650 _aManagement
942 _cBK
999 _c16143
_d16143